| 000 | 01571pam a22004331i 4500 | ||
|---|---|---|---|
| 999 |
_c1784 _d1784 |
||
| 001 | 020220036 | ||
| 003 | Uk | ||
| 005 | 20230127105052.0 | ||
| 006 | m || d | | ||
| 007 | cr ||||||||||| | ||
| 008 | 210430r20211952enk jo 000|f|eng|d | ||
| 015 |
_aGBC192549 _2bnb |
||
| 020 | _a9781444958638 (pbk.) : | ||
| 037 |
_a9781444960778 _bHachette UK |
||
| 040 |
_aStDuBDS _beng _cStDuBDS _dUk _dKH8 _erda _epn |
||
| 042 | _aukblsr | ||
| 082 | 0 | 4 |
_a823.912 BLY _223 |
| 100 | 1 |
_aBlyton, Enid, _eauthor. |
|
| 245 | 1 | 0 |
_aHere's the naughtiest girl / _cEnid Blyton. |
| 264 | 1 |
_aLondon : _bHodder Children's Books, _c2021. |
|
| 300 |
_a 40 pages ; _c20 cm. |
||
| 336 |
_atext _2rdacontent |
||
| 337 |
_acomputer _2rdamedia |
||
| 338 |
_aonline resource _2rdacarrier |
||
| 490 | 0 |
_aThe naughtiest girl series ; _v4 |
|
| 500 | _aOriginally published: London: Newnes, 1952. | ||
| 588 | _aDescription based on CIP data; resource not viewed. | ||
| 600 | 1 | 0 |
_aAllen, Elizabeth _c(Fictitious character) _vJuvenile fiction. |
| 650 | 7 |
_aAdventure stories (Children's / Teenage). _2bicssc |
|
| 650 | 7 |
_aClassic fiction (Children's / Teenage). _2bicssc |
|
| 650 | 7 |
_aSchool stories (Children's / Teenage). _2bicssc |
|
| 650 | 7 |
_aJUVENILE FICTION _xAction & Adventure _xGeneral. _2bisacsh |
|
| 650 | 7 |
_aJUVENILE FICTION _xClassics. _2bisacsh |
|
| 650 | 7 |
_aJUVENILE FICTION _xSchool & Education. _2bisacsh |
|
| 650 | 7 |
_aJUVENILE FICTION _xSocial Themes _xFriendship. _2bisacsh |
|
| 655 | 0 | _aChildren's stories. | |
| 776 | 0 | 8 |
_iPrint version : _z9781444958638 |
| 942 |
_2ddc _cNFIC |
||